Applied polymer science /
Guardado en:
| Otros Autores: | , |
|---|---|
| Formato: | Libro |
| Idioma: | English |
| Publicado: |
Washington, D.C. :
American Chemical Society (ACS),
1985.
|
| Edición: | 2nd ed. |
| Series: | ACS symposium series,
285 |
| Materias: | |
| Etiquetas: |
Agregar Etiqueta
Sin Etiquetas, Sea el primero en etiquetar este registro!
|
| LEADER | 01018cam a22002775a 4500 | ||
|---|---|---|---|
| 001 | EIQ.libpla000969 | ||
| 008 | 850709s1985####dcua#####b####001#0#eng#d | ||
| 005 | 20060629175421.0 | ||
| 245 | 0 | 0 | |a Applied polymer science / |c Roy W. Tess, editor, Gary W. Poehlein, editor. |
| 250 | |a 2nd ed. | ||
| 260 | |a Washington, D.C. : |b American Chemical Society (ACS), |c 1985. | ||
| 300 | |a x, 1341 p. : |b il. ; |c 24 cm. | ||
| 440 | 0 | |a ACS symposium series, |x 0097-6156 ; |v 285 | |
| 504 | |a Incluye referencias bibliográficas e índice. | ||
| 020 | |a 0841208913 | ||
| 700 | 1 | |a Tess, Roy W. |q (Roy William), |d 1915-, |e ed. |4 edt | |
| 700 | 1 | |a Poehlein, Gary W., |e ed. |4 edt | |
| 082 | 0 | 0 | |a 547.7 |2 19 |
| 650 | 4 | |a Polímeros |x Teoría. | |
| 650 | 4 | |a Polimerización |x Teoría. | |
| 650 | 4 | |a Polymers |x Theory. | |
| 650 | 4 | |a Polymerization |x Theory. | |
| 010 | |a 85015766 | ||
| 040 | |a DLC |c DLC |d AR-BbSID | ||
| 859 | |a AR-BbSID |b BIB. PLAPIQUI |h 547.84 |i Ap 58 |p 3509 |t Ej. 1 |v Ej. 1 | ||
| 859 | |a AR-BbSID |b BIB. PLAPIQUI |h 547.84 |i Ap 58 |p 3470 |t Ej. 2 |v Ej. 2 | ||
